| 000 | 00506nam a2200181Ia 4500 | ||
|---|---|---|---|
| 008 | 240729s9999 xx 000 0 und d | ||
| 022 | _a1349-4147 | ||
| 245 | 0 | _aTropical Medicine and Health | |
| 260 | _aUnited Kingdom | ||
| 260 | _bBMC | ||
| 650 | _a Arctic medicine. Tropical medicine | ||
| 650 | _a Internal medicine | ||
| 650 | _a Special situations and conditions | ||
| 650 | _aMedicine | ||
| 856 | _uhttps://doaj.org/toc/462ca7e71e624fa197860635d11a627a | ||
| 942 | _2ddc | ||
| 942 | _cDOAJEJ | ||
| 999 |
_c74413 _d74413 |
||
| 945 |
_a1 _bMadushi Gamage _c1 _dMadushi Gamage |
||